[Event "Montreal Mercredi 02"]
[Site "Montreal"]
[Date "2012.03.14"]
[Round "4"]
[White "Sonn, Eric"]
[Black "Mestre, Evick"]
[Result "1-0"]
[WhiteElo "1552"]
[BlackElo "1510"]
[PlyCount "75"]
[EventDate "2012.02.22"]
[EventType "swiss"]
[EventRounds "5"]
[EventCountry "CAN"]
[SourceTitle "EXT 2022"]
[Source "ChessBase"]
[SourceDate "2021.10.06"]
[SourceVersion "1"]
[SourceVersionDate "2021.10.06"]
[SourceQuality "1"]

1. Nf3 d5 2. d4 Bg4 3. Ne5 Bf5 4. Bf4 Nf6 5. e3 Nbd7 6. Nd2 Nxe5 7. dxe5 Nd7 8. c4 e6 9. Be2 dxc4 10. e4 Bg6 11. Qa4 c6 12. Qxc4 Nb6 13. Qb3 Be7 14. Rd1 Qc7 15. Qe3 Rd8 16. 0-0 0-0 17. a4 a5 18. Bg3 h6 19. b3 Rd7 20. Nc4 Nxc4 21. Bxc4 Rfd8 22. Rxd7 Rxd7 23. f4 b6 24. Qe2 Bb4 25. Be1 Bxe1 26. Qxe1 Rd4 27. f5 Bh7 28. fxe6 fxe6 29. Bxe6+ Kh8 30. Rf8+ Bg8 31. Rxg8+ Kh7 32. Rf8 Qe7 33. Bg8+ Kh8 34. Qf1 Qxe5 35. Bc4+ Kh7 36. Qf5+ Qxf5 37. exf5 g6 38. Rf7+ 1-0

[Event "Montreal Mercredi 02"]
[Site "Montreal"]
[Date "2012.03.07"]
[Round "3"]
[White "Mestre, Evick"]
[Black "Chenard, Yanick"]
[Result "0-1"]
[WhiteElo "1510"]
[BlackElo "1510"]
[PlyCount "64"]
[EventDate "2012.02.22"]
[EventType "swiss"]
[EventRounds "5"]
[EventCountry "CAN"]
[SourceTitle "EXT 2022"]
[Source "ChessBase"]
[SourceDate "2021.10.06"]
[SourceVersion "1"]
[SourceVersionDate "2021.10.06"]
[SourceQuality "1"]

1. d4 Nf6 2. c4 e6 3. Nc3 Bb4 4. a3 Bxc3+ 5. bxc3 c5 6. e3 b6 7. Bd3 Bb7 8. f3 Nc6 9. Ne2 0-0 10. 0-0 Rc8 11. e4 cxd4 12. cxd4 Na5 13. Ng3 Nxc4 14. f4 b5 15. f5 Qb6 16. Bc2 e5 17. Kh1 Qxd4 18. Qxd4 exd4 19. Bd3 Rfe8 20. Rb1 Nxe4 21. Nxe4 Bxe4 22. Bxe4 Rxe4 23. Rxb5 Nb6 24. Rb4 Rc4 25. Bd2 Rxb4 26. Bxb4 Re5 27. f6 gxf6 28. Rxf6 Nd5 29. Rf1 Nxb4 30. axb4 d3 31. Kg1 d2 32. Kf2 Rf5+ 0-1